Taxes, family grants and redistribution (Registro nro. 25627)
[ vista simple ]
| 000 -LEADER | |
|---|---|
| fixed length control field | 00364 a2200121 4500 |
| 001 - CONTROL NUMBER | |
| control field | ART_11546 |
| 005 - DATE AND TIME OF LATEST TRANSACTION | |
| control field | 20260410161858.0 |
| 008 - FIXED-LENGTH DATA ELEMENTS--GENERAL INFORMATION | |
| fixed length control field | 260409a |
| 100 1# - MAIN ENTRY--PERSONAL NAME | |
| Personal name | Bruno, Michael |
| 245 10 - TITLE STATEMENT | |
| Title | Taxes, family grants and redistribution |
| 700 1# - ADDED ENTRY--PERSONAL NAME | |
| Personal name | Habib, Jack |
| 773 0# - HOST ITEM ENTRY | |
| Title | Journal of public economics |
| Related parts | - Vol. 5, Nº 1/2 (ene./feb. 1976) |
| Record control number | REV11485 |
No hay ítems disponibles.